| 000 | 00913nas a2200313 4500 | ||
|---|---|---|---|
| 001 | BR2011004639 | ||
| 003 | BR-BrBNA | ||
| 005 | 20231205115529.0 | ||
| 007 | ta | ||
| 008 | 230509b bl.|||p| |||| 00| 00por d | ||
| 040 |
_aBR-BrBNA _bpor _cBiblioteca Nacional de Agricultura |
||
| 041 | _a(Pt) | ||
| 072 | _aJ11; Q02 | ||
| 100 | 1 | _aRodoavalho, R.S. | |
| 100 | 1 | _aDevilla, I.A. | |
| 100 | 1 | _aAscheri, D.P.R. | |
| 100 | 1 | _aBassinelo, P.Z. | |
| 100 | 1 | _aFerreira, D. de A. | |
| 245 | 1 | _aIsotermas de sorção do arroz-vermelho em casca (Oriza sativa L.) | |
| 650 | _aARROZ VERMELHO | ||
| 650 | _aCASCA | ||
| 650 | _aARMAZENAMENTO | ||
| 650 | _aPROCESSAMENTO | ||
| 650 | _aSECAGEM | ||
| 650 | _aQUALIDADE | ||
| 773 | 0 |
_tRevista Brasileira de Armazenamento (Brazil) _xISSN 0100-3518 _g(2009), v. 34(2) p. 144-152 _wBR2011004639 |
|
| 909 |
_a202311 _bLúcia _c55 _dLúcia Elande |
||
| 942 |
_2AGRIS _n0 _cANA |
||
| 999 |
_c214273 _d214273 |
||